Szczegóły MARC21

Sny ; Ogrody ; Sérénité /

003 -Nazwa inst., której nr kontr. jest w polu 001 [,]
    • @
    • Nazwa instytucji, której n kontrolny jest w polu 001
    • NUKAT
005 -DATA I CZAS OSTATNIEJ MODYFIKACJI [,]
    • @
    • pole kontrolne
    • 20241231090753.0
040 -Instytucja sporządzająca opis [ , ]
    • a
    • Instytucja, która sporządziła opis (NP)
    • OLSZT 003/MW
    • b
    • Język katalogowania
    • pol
    • e
    • Zasady katalogowania
    • rda
    • c
    • Instytucja, która sporządziła rekord (NP)
    • OLSZT 003/MW
    • d
    • Instytucja, która zmodyfikowała rekord (P)
    • OLSZT 003/MW
    • d
    • Instytucja, która zmodyfikowała rekord (P)
    • KIEL 010/JRs
    • d
    • Instytucja, która zmodyfikowała rekord (P)
    • KR 119/ara
942 -Rodzaj dokumentu [ , ]
    • c
    • Rodzaj dokumentu
    • Książka
100 -Hasło główne - nazwa osobowa [1, ]
    • a
    • Nazwa osobowa (NP)
    • Iwaszkiewicz, Jarosław
    • d
    • Daty biograficzne (NP)
    • (1894-1980).
    • e
    • Rodzaj współpracy
    • Autor
    • 9
    • KHW
    • 18486
240 -Tytuł ujednolicony [1,0]
    • a
    • Tytuł ujednolicony
    • Sny
    • l
    • Język tekstu
    • (pol.)
    • 9
    • KHW
    • 456518
245 -Strefa tytułu i oznaczenia odpowiedzialności [1,0]
    • a
    • Tytuł
    • Sny ; Find
    • b
    • Ciąg dalszy tytułu (NP)
    • Ogrody ; Sérénité / Find
    • c
    • Pozostałe elementy strefy tytułu i oznaczenia odpowiedzialności (NP)
    • Jarosław Iwaszkiewicz.
246 -Wariant tytułu [1,4]
    • a
    • Tytuł (NP)
    • Ogrody
250 -Strefa wydania [ , ]
    • a
    • Oznaczenie wydania (NP)
    • Wydanie II.
260 -Strefa adresu wydawniczego [ , ]
    • a
    • Miejsce wydania (P)
    • Warszawa :
    • b
    • Nazwa wydawcy (P)
    • Czytelnik,
    • c
    • Data wydania (P)
    • 1977.
300 -Strefa opisu fizycznego [ , ]
    • a
    • Określenie formy książki i/lub objętość (NP)
    • 122, [1] strony ;
    • c
    • Format (NP)
    • 21 cm.
336 -Typ zawartości [ , ]
    • a
    • Termin opisujący typ zawartości
    • Tekst
    • b
    • Kod określający zawartość
    • txt
    • 2
    • Źródło (terminu i kodu)
    • rdacontent
337 -Typ mediów [ , ]
    • a
    • Tryb odtwarzania
    • Bez urządzenia pośredniczącego
    • b
    • Kod typu mediów
    • n
    • 2
    • Źródło (terminu i kodu)
    • rdamedia
338 -Typ/rodzaj nośnika [ , ]
    • a
    • Hasło opisujące typ nośnika
    • Wolumin
    • b
    • Kod typu nośnika
    • nc
    • 2
    • Źródło (terminu i kodu)
    • rdacarrier
080 -Uniwersalna Klasyfikacja Dziesiętna [ , ]
    • a
    • Symbol klasyfikacji
    • 821.162.1-3
    • 2
    • Identyfikator wydania tablic
    • UDC-P058
    • 9
    • UKD
    • 8529
    • b
    • Dopowiedzenie
    • Literatura polska. - Powieści, nowele, opowiadania.
    • 4
    • UKD2
    • 8230
    • x
    • Poddział wspólny
    • "19"
    • c
    • Dopowiedzenie poddz. wspólnego
    • Wiek XX.
655 -Hasło w funkcji tematu formalnego [ ,7]
    • a
    • Hasło
    • Proza polska
    • y
    • Określnik chronologiczny
    • 1945-1990.
    • 2
    • Źródło terminu
    • kaba
    • 9
    • KHW
    • 189603
980 -Symbol UKD [ , ]
    • a
    • UKD
    • 821.162.1-3"19"
700 -Hasło dodatkowe - nazwa osobowa [1,2]
    • a
    • Nazwa osobowa (NP)
    • Iwaszkiewicz, Jarosław Find
    • d
    • Daty biograficzne (NP)
    • (1894-1980).
    • t
    • Tytuł ujednolicony/tytuł (NP)
    • Ogrody Find
    • l
    • Język tekstu (NP)
    • (pol.)
    • 9
    • KHW
    • 62652
700 -Hasło dodatkowe - nazwa osobowa [1,2]
    • a
    • Nazwa osobowa (NP)
    • Iwaszkiewicz, Jarosław Find
    • d
    • Daty biograficzne (NP)
    • (1894-1980).
    • t
    • Tytuł ujednolicony/tytuł (NP)
    • Sérénité Find
    • l
    • Język tekstu (NP)
    • (pol.)
    • 9
    • KHW
    • 62653
710 -Hasło dodatkowe - nazwa ciała zbiorowego [2, ]
    • a
    • Nazwa ciała zbiorowego lub nazwa geograficzna jako pierwszy element (NP)
    • Spółdzielnia Wydawnicza "Czytelnik".
    • e
    • Rodzaj współpracy
    • Wydawca
    • 4
    • Kod relacji
    • pbl
    • 9
    • KHW
    • 52317
Status udost. Sygnatura Numer inwentarzowy Lokalizacja Data inwentaryzacji
-3 W.70768BG2002-11-04
-3 W.70769BG2002-11-04
1egz. arch.Z.31559BG2002-11-04
1 JK.172BG2002-11-18
1 Q.3811BM2019-10-10